000 00652nam a22001937a 4500
999 _c165521
_d165521
005 20190620170335.0
010 _aUR-10225
020 _c300.00
_a9789388105255
035 _aU-8780
037 _bDBAD/PUB
082 _aن
100 _aخا ن سليم
245 _aبھيکو کسا ن کا بھا ر ت مہما ن
_cخا ن سليم
246 _bBhiku Kisan ka Bharat Mahan (Novel) (Urdu)
_aby Salim Khan
260 _a Delhi
_bEducational Publishing House
_c2018 ء
270 _a3191،Vakil Street,Kucha Pandit,Lal Kuan,
_bDelhi
_e110006
_k23216162
_l00911123211540
300 _a260ص
_c22 Cm(Hb)
942 _2ddc
_cUR
_hن
_mخ ا ن